Press for Progress: (Record no. 191670)

MARC details
000 -LEADER
fixed length control field 00546nam a22001697a 4500
005 - DATE AND TIME OF LATEST TRANSACTION
control field 20220831123546.0
010 ## - LCCN (DPL NO)
LC control number ENG-134828
020 ## - INTERNATIONAL STANDARD BOOK NUMBER
International Standard Book Number 9788193726150
Terms of availability 300.00
035 ## - SYSTEM CONTROL NUMBER
System control number EN-118360
037 ## - SOURCE OF ACQUISITION
Source of stock number/acquisition DBAD/PUB
082 ## - DEWEY DECIMAL CLASSIFICATION NUMBER
Classification number 305.4
245 ## - TITLE STATEMENT
Title Press for Progress:
Remainder of title Equity Initiative Programme Under Rashtriya Uchchattar Shiksha Abhiyan/
260 ## - PUBLICATION, DISTRIBUTION, ETC. (IMPRINT)
Place of publication, distribution, etc Mizoram
Name of publisher, distributor, etc Lengchhawn Offset
Date of publication, distribution, etc 2019
270 ## - ADDRESS
Address Bethel House, Khatla
City Aizawl
Postal code 796001
Electronic mail address lengchhawn@gmail.com
300 ## - PHYSICAL DESCRIPTION
Extent 66p.
Dimensions 21cm(pbk)
942 ## - ADDED ENTRY ELEMENTS (KOHA)
Source of classification or shelving scheme Dewey Decimal Classification
Item type English Books
Classification part 305.4
Call number suffix PRE
Holdings
Withdrawn status Lost status Not for loan Collection code Home library Current library Date acquired Source of acquisition Cost, normal purchase price Full call number Barcode Copy number Cost, replacement price Koha item type
      Non-fiction Shahdara Branch Shahdara Branch 31/08/2022 DBAD/PUB 300.00 305.4 PRE EN-118360 1 300.00 English Books

© Delhi Public Library
Hit Counter
free hit counter